Quizzes
Events
Quiz Creation
Community
Videos
Private Events
Remove Ads
Sign In
Join for FREE
Feedback
Dark Mode
Quiz Categories
Sports
Geography
Music
Movies
Television
Just For Fun
Miscellaneous
History
Literature
Language
Science
Gaming
Entertainment
Religion
Holiday
For Kids
Quiz Lab
Recent
Popular Today
Quiz Kudos Today
Editor Picks
Curator Picks
Quizzes by...
Day
Popularity
Type
Ratings
Length
Year
Community
Subscriptions
Recent Discussions
Orange Saloon
Badges
Playlists
Quests
Create
Leaderboards
Showdown
Live 5
Trivia Bingo
Activity
Puzzle Library
Sporcle Events
Private Events
Virtual Trivia
Globe League
Become a Host
Pub Owners
SporcleCon
Opinionation
Our Games
Videos
Blog
Mobile Apps
Partnerships
Remove Ads and Go Orange
Feedback
Geography
Country
Landmarks
City
State
Population
World
Capital
Continent
Flags
Europe
Africa
Asia
South America
North America
Oceania
Border
Canada
United Kingdom
Topography
United States
Geography
Country
Landmarks
City
State
Population
World
Capital
Continent
Flags
Europe
Africa
Asia
South America
North America
Oceania
Border
Canada
United Kingdom
Topography
United States
Random Quiz
Search Sporcle
×
Quiz Lab
Quiz Lab
Geography
Asia
Select answers by clicking on text or image buttons
Select answers by clicking on text or image buttons
Clickable
Best Score? Go Orange.
Administrative Divisions of Asia that Begin with T Stats
Can you pick the Administrative Divisions of Asia that Begin with T?
By
vanderbizzle2014
13m
55 Questions
54 Plays
54 Plays
54 Plays
Comments
Comments
Give Quiz Kudos
Give Quiz Kudos
-
- Ratings
hide this ad
Forced Order
Answers have to be entered in order
Answers have to be entered in order
Replay
Link that replays current quiz
Next Quiz
Link to next quiz in quiz playlist
You Got
0%
They Got
Avg Score
71%
Avg Friend Score
Upgrade to see
Score Distribution
Jump to the score distribution portion of the page
Score
0/55
Timer
13:00
0
Plays Today
% Correct
Tainan
94.4%
Taipei
92.6%
Tel Aviv
90.7%
Tokyo
90.7%
Taiwan
90.7%
Tibet
88.9%
Tehran
88.9%
Tomsk
88.9%
Tyumen
88.9%
Thua Thien-Hue
88.9%
Thanh Hoa
87%
Thai Binh
87%
Thai Nguyen
87%
Taichung
85.2%
Tra Vinh
85.2%
Tuyen Quang
85.2%
Tianjin
83.3%
Tokushima
83.3%
Toyama
81.5%
Tuva
81.5%
Tashkent
81.5%
Thimphu
79.6%
Tbilisi
79.6%
Tochigi
79.6%
Taoyuan City
79.6%
Tay Ninh
79.6%
Trabzon
77.8%
Tamil Nadu
75.9%
% Correct
Trashiyangtse
74.1%
Trongsa
72.2%
Telangana
72.2%
Tripura
72.2%
Tottori
70.4%
Talas
70.4%
Tien Giang
70.4%
Trashigang
66.7%
Taiz
63%
Tsirang
61.1%
Tutong
61.1%
Terengganu
61.1%
Tafilah
59.3%
Trat
57.4%
Takeo
55.6%
Tartus
53.7%
Tavush
51.9%
Temburong
51.9%
Trang
51.9%
Tbong Khmum
50%
Tanintharyi
46.3%
Takhar
44.4%
Tak
44.4%
Tunceli
44.4%
Tov
42.6%
Tabuk
42.6%
Tokat
29.6%
Quiz Playlist
Details
Report
Send in Message
Add To Playlist
Clickable:
Select answers by clicking on text or image buttons
Forced Order:
Answers have to be entered in order
Last Updated: Feb 16, 2017
Quiz Scoreboard
CHALLENGE
Sign Up to Join the Scoreboard
Show All
Scores
Hide
Comments
May contain spoilers
Recently Published
Presidents Visiting Landmarks
by Hejman
History
7m
An Introduction to Baseball
by treessimontrees
Sports
5m
Movies - When Are They Set?
by FPL_Elf
Movies
5m
More to Explore
Quiz From the Vault
Featured Blog Post
Where Did the Easter Bunny Come From?
hide this ad
You Might Also Like...
Tags
Asia Quiz
Administrative
Begins With
Division
Letter T
region
Starts With
Today's Top Quizzes in Geography
Browse Geography
hide this ad
Today's Top Quizzes in Asia
Browse Asia
Top Contributed Quizzes in Geography
1
Countries of the World - No Outlines Minefield
2
Top 25 Cities of France on a map
3
Any capital of a 'B' country per Continent
4
Closest Countries to UK A-Z
5
Any capital of a 'C' country per Continent
6
One Thing in Common: United Kingdom
7
Any capital of a 'D' country per Continent
8
Find the Provinces of Canada - No Outlines Minefield
9
5-to-1: US Geography No Hints
10
Any capital of an 'E' country per Continent
Explore More
Trending Topics
Disney
Crossword
Harry Potter
NBA
Anime
Kpop
Marvel
Pokémon
Song
The Office
WWE
Soccer
Puzzle
NFL
Country
hide this ad
More By:
vanderbizzle2014
Quiz
Plays
Rating
Category
Featured
Created
300 Largest Cities in the World (Agglomerations)
6,659
4.88
Geography
Jul 22, 2019
Western Roman Provinces circa 400 CE
1,214
4.70
History
Jun 2, 2016
Monarchs of Europe: Germany and Italy
1,135
5.00
History
Mar 2, 2019
Eastern Roman Provinces circa 400 CE
1,105
4.86
History
Jun 2, 2016
Monarchs of Europe: British Isles
1,093
5.00
History
Feb 26, 2019
Go to Creator's Profile
Score Distribution
Quiz Creator Spotlight
vanderbizzle2014
Follow
Send a Message
Quizzes Created
-
Created Quiz Play Count
-
More By This Creator
Popular Quizzes Today
1
Find the US States - No Outlines Minefield
2
Find the Countries of Europe - No Outlines Minefield
3
The Countries of the World
4
Find the US States
5
Popular People in 1961
6
US States
7
Risky Map Clicking: Biggest States A-Z
8
Movies - When Are They Set?
More Geography Quizzes
5 to 1 Blitz: British Peaks
Editor's Pick
Trending Quizzes
Risky Map Clicking: Least Populous States A-Z
1-10 Letter G Words
1-10 Letter F Words
Risky Map Clicking: Next State Alphabetically
Risky Map Clicking: Biggest States A-Z
Recently Updated
Leaping Animals
pecheneg
Reality TV Shows (A-Z)
bhenderson79
Rickey Henderson's Hall of Fame Teammates
pecheneg
Champions League XIs: Arsenal
pecheneg
Quick Pick: Celebrities in WWE's Hall of Fame
aduchscher
A-Z Keypad Blitz II
pecheneg
Multiple Oscar Actors
pecheneg
Mystery Phrase Blitz: Oscar 'Best Actors'
pecheneg
F. Scott Fitzgerald Novels
LTH
Pick 3 Villains
ddd62291
Trending Topics
Disney
Marvel
Harry Potter
Anime
Kpop
NBA
Crossword
Song
Puzzle
Soccer
Country
NFL
The Office
WWE
Pokémon
Your Account Isn't Verified!
In order to create a playlist on Sporcle, you need to verify the email address you used during registration. Go to your
Sporcle Settings
to finish the process.
Report this User
Report this user for behavior that violates our
Community Guidelines
.
Details:
Send Report
Go to the Sporcle.com Mobile Site →
Comments